Δημιουργία ψηφιακής οπτικοποίησης ενός μνημείου και του περιβάλλοντος χώρου του, με χρήση δεδομένων GIS, τηλεπισκόπησης και τρισδιάστατων γραφικών : η Μονή Αγίου Ιωάννη Θεολόγου Υψηλού στη Λέσβο

Αποθηκεύτηκε σε:
Λεπτομέρειες βιβλιογραφικής εγγραφής
Κύριος συγγραφέας: Τσουρής, Ελευθέριος
Συγγραφή απο Οργανισμό/Αρχή: Πανεπιστήμιο Αιγαίου. Σχολή Κοινωνικών Επιστημών. Τμήμα Πολιτισμικής Τεχνολογίας και Επικοινωνίας. Πρόγραμμα Μεταπτυχιακών Σπουδών Πολιτισμική Πληροφορική και Επικοινωνία
Μορφή: Thesis Βιβλίο
Γλώσσα:Greek
Δημοσίευση: 2007.
Θέματα:
Διαθέσιμο Online:http://hdl.handle.net/11610/16385
Ετικέτες: Προσθήκη ετικέτας
Δεν υπάρχουν, Καταχωρήστε ετικέτα πρώτοι!

MARC

LEADER 00000cam a2200000 i 4500
001 1/1459
008 090911s2007 gr | ||| |||| ||gre||
035 |l 10105604 
040 |a GR-MyUa  |b gre  |e AACR2 
041 0 |a gre 
082 7 |a 006.78   |2 (22) 
100 1 |a Τσουρής, Ελευθέριος. 
245 1 0 |a Δημιουργία ψηφιακής οπτικοποίησης ενός μνημείου και του περιβάλλοντος χώρου του, με χρήση δεδομένων GIS, τηλεπισκόπησης και τρισδιάστατων γραφικών :   |b η Μονή Αγίου Ιωάννη Θεολόγου Υψηλού στη Λέσβο /   |c Τσουρής Ελευθέριος-Φωτεινός ; [επιβλέπων: Γεράσιμος Παυλογεωργάτος ; συνεπιβλέπων: Βαγγέλης Χριστοδούλου]. 
260 |c 2007. 
300 |a 50 σ. :   |b εικ. ;   |c 30 εκ. 
500 |a Ντοκυμαντέρ για την Μονή Αγίου Ιωάννη Θεολόγου Υψηλού. 
502 |a Διατριβή (μεταπτυχιακή) – Πανεπιστήμιο Αιγαίου, Λέσβος, 2007. 
650 0 0 |a Three-dimensional imaging. 
650 0 0 |a Computer graphics. 
650 0 0 |a Archaeology  |x Computer simulation. 
650 0 0 |a Monasteries  |z Greece  |z Lesbos (Municipality) 
650 0 0 |a Dissertations, Academic  |z Greece. 
700 1 |a Χριστοδούλου, Ευάγγελος,  |e dgs 
700 1 |a Παυλογεωργάτος, Γεράσιμος Δ.  |e dgs 
710 2 |a Πανεπιστήμιο Αιγαίου.   |b Σχολή Κοινωνικών Επιστημών.   |b Τμήμα Πολιτισμικής Τεχνολογίας και Επικοινωνίας.   |b Πρόγραμμα Μεταπτυχιακών Σπουδών Πολιτισμική Πληροφορική και Επικοινωνία. 
852 |a INST  |b LESVOS  |c DIATR  |e 20090911  |h 169  |p 005100046595  |q 005100046595  |t MTXE  |y 23 
852 |a INST  |b LESVOS  |c DIATR  |e 20090911  |h 170  |p 005100046596  |q 005100046596  |t MTXE  |y 23 
856 |u http://hdl.handle.net/11610/16385 
901 |a BIBL1-2009-3 
924 |a Τσουρής  |b Ελευθέριος  |y Λέσβος  |z 2008-02 
970 |a ΤΖΑΦΕΡΗ  |b ΕΥΑΓΓΕΛΙΑ  |z 2009/09/11